[Event "Lignano Bella Italia op 2nd"]
[Site "Lignano Sabbiadoro"]
[Date "2023.08.20"]
[Round "6"]
[White "De la Puerta Cresis, Javier"]
[Black "Omelja, Artem"]
[Result "0-1"]
[WhiteElo "2202"]
[BlackElo "2435"]
[PlyCount "86"]
[EventDate "2023.08.17"]
[EventType "swiss"]
[EventRounds "9"]
[EventCountry "ITA"]
[SourceTitle "EXT 2024"]
[Source "ChessBase"]
[SourceDate "2023.10.10"]
[SourceVersion "1"]
[SourceVersionDate "2023.10.10"]
[SourceQuality "1"]

1. d4 d5 2. c4 e6 3. Nf3 Nf6 4. g3 dxc4 5. Bg2 Nc6 6. Qa4 Bb4+ 7. Bd2 Nd5 8. Bxb4 Ndxb4 9. Na3 0-0 10. Qb5 Qd5 11. 0-0 Qxb5 12. Nxb5 a6 13. Nxc7 Ra7 14. a3 Nd5 15. Nxd5 exd5 16. Rfd1 Rd8 17. a4 Na5 18. Nd2 b6 19. Rdc1 Be6 20. Ra3 b5 21. axb5 axb5 22. Rca1 Rda8 23. e4 b4 24. Re3 c3 25. bxc3 Nc4 26. Rxa7 Rxa7 27. Nxc4 Ra1+ 28. Bf1 dxc4 29. Kg2 b3 30. Re2 Bh3+ 31. Kxh3 Rxf1 32. d5 Rc1 33. d6 Kf8 34. e5 Rxc3 35. f4 Rc2 36. Re3 b2 37. Ra3 g6 38. Ra8+ Kg7 39. Rb8 c3 40. Rb7 Rd2 41. f5 gxf5 42. e6 Rxd6 43. Rxf7+ Kg6 0-1

[Event "Leca da Palmeira 2nd"]
[Site "Leca da Palmeira"]
[Date "2023.08.05"]
[Round "8"]
[White "De la Puerta Cresis, Javier"]
[Black "Marquinez Cabrejas, Francisco Javier"]
[Result "1-0"]
[WhiteElo "2167"]
[BlackElo "1821"]
[PlyCount "49"]
[EventDate "2023.07.31"]
[EventType "swiss"]
[EventRounds "9"]
[EventCountry "POR"]
[SourceTitle "CBM 215 Extra"]
[Source "ChessBase"]
[SourceDate "2023.09.30"]
[SourceVersion "1"]
[SourceVersionDate "2023.09.30"]
[SourceQuality "1"]

1. e4 e5 2. Nf3 Nf6 3. Nxe5 Nxe4 4. Qe2 Qe7 5. Qxe4 d6 6. d4 dxe5 7. dxe5 Nc6 8. Bf4 g5 9. Bg3 f5 10. Qe2 f4 11. Qh5+ Kd8 12. Nc3 Qxe5+ 13. Be2 Bd6 14. 0-0-0 Be6 15. Rhe1 fxg3 16. hxg3 Qg7 17. Ne4 Rg8 18. Nxd6 cxd6 19. Rxd6+ Ke7 20. Rxc6 bxc6 21. Bc4 Rge8 22. Bxe6 Kf8 23. Qf3+ Ke7 24. Bf7+ Kd7 25. Qd3+ 1-0

[Event "Malaga op 16th"]
[Site "Malaga"]
[Date "2022.11.01"]
[Round "9"]
[White "De la Puerta Cresis, Javier"]
[Black "Kushko, Dmitriy"]
[Result "0-1"]
[WhiteElo "2161"]
[BlackElo "2302"]
[PlyCount "60"]
[EventDate "2022.10.27"]
[EventType "swiss"]
[EventRounds "9"]
[EventCountry "ESP"]
[SourceTitle "EXT 2024"]
[Source "ChessBase"]
[SourceDate "2023.10.10"]
[SourceVersion "1"]
[SourceVersionDate "2023.10.10"]
[SourceQuality "1"]

1. d4 g6 2. e4 d6 3. Nc3 Bg7 4. Be3 Nd7 5. Qd2 a6 6. f3 b5 7. h4 h6 8. Nge2 Bb7 9. h5 g5 10. Ng3 e6 11. a4 b4 12. Na2 c5 13. c3 bxc3 14. Nxc3 Ne7 15. Be2 Nc6 16. dxc5 dxc5 17. 0-0 Qc7 18. f4 0-0-0 19. Qe1 Nd4 20. Rc1 gxf4 21. Bxf4 Be5 22. Bxe5 Nxe5 23. b4 Rhg8 24. Nd1 Nxe2+ 25. Qxe2 Nd3 26. Rc3 Rxg3 27. Ne3 Bxe4 28. bxc5 Qe5 29. Rc2 Qd4 30. Rc4 Rxg2+ 0-1

[Event "Madrid-ch"]
[Site "Madrid"]
[Date "2022.05.30"]
[Round "6"]
[White "Martin Duque, Jesus"]
[Black "De la Puerta Cresis, Javier"]
[Result "1-0"]
[WhiteElo "2391"]
[BlackElo "2128"]
[PlyCount "71"]
[EventDate "2022.05.25"]
[EventType "swiss"]
[EventRounds "7"]
[EventCountry "ESP"]
[SourceTitle "EXT 2023"]
[Source "ChessBase"]
[SourceDate "2022.10.05"]
[SourceVersion "1"]
[SourceVersionDate "2022.10.05"]
[SourceQuality "1"]

1. c4 Nf6 2. Nf3 g6 3. d4 Bg7 4. e3 0-0 5. Be2 d5 6. cxd5 Nxd5 7. e4 Nb6 8. a4 a5 9. Be3 Bg4 10. Nbd2 Nc6 11. h3 Bxf3 12. Nxf3 e5 13. d5 Nb4 14. 0-0 Nc8 15. Bg5 Bf6 16. Bh6 Bg7 17. Bg5 Bf6 18. Bd2 Nd6 19. Bxb4 axb4 20. Bd3 Ne8 21. Qb3 Qd6 22. Rfc1 Be7 23. Nd2 Qf6 24. Bb5 Qf4 25. Qd3 Bd6 26. Bxe8 Rfxe8 27. b3 b6 28. Rc6 Ra7 29. Nc4 Bc5 30. Qf3 Qg5 31. d6 cxd6 32. Nxb6 Re6 33. Rc8+ Kg7 34. Nd5 f5 35. a5 fxe4 36. Qf8# 1-0

[Event "Madrid-ch sf"]
[Site "Madrid"]
[Date "2022.05.08"]
[Round "5"]
[White "Armenteros Peral, Javier"]
[Black "De la Puerta Cresis, Javier"]
[Result "1/2-1/2"]
[WhiteElo "2000"]
[BlackElo "2128"]
[PlyCount "51"]
[EventDate "2022.05.04"]
[EventType "swiss"]
[EventRounds "9"]
[EventCountry "ESP"]
[SourceTitle "EXT 2023"]
[Source "ChessBase"]
[SourceDate "2022.10.05"]
[SourceVersion "1"]
[SourceVersionDate "2022.10.05"]
[SourceQuality "1"]

1. e4 c5 2. Nf3 d6 3. d4 cxd4 4. Nxd4 Nf6 5. Nc3 a6 6. h3 e6 7. g4 h6 8. Bg2 Be7 9. Be3 Nc6 10. Qd2 Nxd4 11. Bxd4 e5 12. Be3 b5 13. 0-0 Bb7 14. Rfd1 Rc8 15. Qd3 Qc7 16. Rac1 Qc4 17. Qxc4 Rxc4 18. Nd5 Nxd5 19. exd5 Bg5 20. b3 Rc3 21. Rd3 Rxd3 22. cxd3 Kd7 23. Rc2 Bxe3 24. fxe3 Rc8 25. Rxc8 Kxc8 26. b4 1/2-1/2

[Event "Madrid-ch sf"]
[Site "Madrid"]
[Date "2019.05.13"]
[Round "8"]
[White "Martinez Fernandez, Raul"]
[Black "De la Puerta Cresis, Javier"]
[Result "1-0"]
[WhiteElo "2202"]
[BlackElo "2116"]
[PlyCount "127"]
[EventDate "2019.05.06"]
[EventType "swiss"]
[EventRounds "9"]
[EventCountry "ESP"]
[SourceTitle "CBM 190 Extra"]
[Source "ChessBase"]
[SourceDate "2019.07.15"]
[SourceVersion "1"]
[SourceVersionDate "2019.07.15"]
[SourceQuality "1"]

1. e4 c5 2. Nf3 d6 3. Bb5+ Nd7 4. d4 cxd4 5. Qxd4 a6 6. Bxd7+ Bxd7 7. 0-0 e5 8. Qd3 h6 9. c4 Nf6 10. Nc3 Be7 11. Ne1 0-0 12. Nc2 Rc8 13. Ne3 Be6 14. b3 Qc7 15. Bb2 Rfe8 16. Rac1 Qb8 17. Rfd1 Bf8 18. Rd2 b5 19. f3 bxc4 20. bxc4 Nd7 21. Ba3 Qa7 22. Kh1 Be7 23. Ncd1 Nc5 24. Qe2 Rb8 25. Rdc2 Bg5 26. Ra1 Rec8 27. Bc1 Na4 28. Nd5 Qd4 29. Bb2 Nxb2 30. Nxb2 Bxd5 31. exd5 Rb4 32. Rd1 Qh4 33. g3 Qh3 34. c5 Rxc5 35. Rxc5 dxc5 36. Nd3 Rd4 37. Nxe5 Qf5 38. Rxd4 cxd4 39. f4 Bd8 40. Qd3 Qxd3 41. Nxd3 Kf8 42. Kg2 Ke7 43. Kf3 f5 44. Ne5 Bb6 45. Nc4 Ba7 46. Ke2 d3+ 47. Kxd3 Bg1 48. h3 Bh2 49. Ne3 g6 50. Nf1 Bg1 51. g4 fxg4 52. hxg4 h5 53. gxh5 gxh5 54. Ng3 Bh2 55. Nxh5 Kd6 56. Ke4 a5 57. f5 a4 58. Nf4 Bxf4 59. Kxf4 Kxd5 60. Kg5 Kc4 61. f6 Kc3 62. f7 Kb2 63. f8Q Kxa2 64. Qb4 1-0

[Event "Madrid-ch sf-A"]
[Site "Madrid"]
[Date "2015.03.23"]
[Round "7"]
[White "De la Puerta Cresis, Javier"]
[Black "Fernandez Aransay, Fernando"]
[Result "1-0"]
[WhiteElo "2097"]
[BlackElo "1896"]
[PlyCount "67"]
[EventDate "2015.03.09"]
[EventType "swiss"]
[EventRounds "9"]
[EventCountry "ESP"]
[SourceTitle "CBM 165 Extra"]
[Source "ChessBase"]
[SourceDate "2015.04.21"]
[SourceVersion "1"]
[SourceVersionDate "2015.04.21"]
[SourceQuality "1"]

1. e4 c5 2. Nf3 d6 3. d4 cxd4 4. Nxd4 Nf6 5. Nc3 g6 6. Be3 Bg7 7. Bc4 0-0 8. f3 Nc6 9. Bb3 Bd7 10. Qd2 Rc8 11. 0-0-0 Ne5 12. h4 h5 13. Kb1 Nc4 14. Bxc4 Rxc4 15. g4 Qa5 16. Nb3 Qc7 17. gxh5 Nxh5 18. Nd5 Qd8 19. Bxa7 Be6 20. Bb6 Qd7 21. Bd4 Bxd5 22. exd5 Rfc8 23. Bxg7 Kxg7 24. Nd4 R4c5 25. Qg5 Kh7 26. Rde1 f6 27. Qg4 Qxg4 28. fxg4 Ng3 29. Rxe7+ Kh8 30. Rg1 Rxd5 31. Nb3 Rc4 32. Rxg3 Rd1+ 33. Nc1 Rd2 34. Rc3 1-0

[Event "Madrid-ch sf-A"]
[Site "Madrid"]
[Date "2015.03.17"]
[Round "5"]
[White "De la Puerta Cresis, Javier"]
[Black "Ortega Ruiz, Jose Miguel"]
[Result "0-1"]
[WhiteElo "2097"]
[BlackElo "2267"]
[PlyCount "88"]
[EventDate "2015.03.09"]
[EventType "swiss"]
[EventRounds "9"]
[EventCountry "ESP"]
[SourceTitle "CBM 165 Extra"]
[Source "ChessBase"]
[SourceDate "2015.04.21"]
[SourceVersion "1"]
[SourceVersionDate "2015.04.21"]
[SourceQuality "1"]

1. d4 Nf6 2. c4 g6 3. Nc3 Bg7 4. e4 d6 5. Nf3 0-0 6. Be2 Na6 7. h3 e5 8. dxe5 dxe5 9. 0-0 Nc5 10. Qc2 Nh5 11. Rd1 Qe8 12. Nd5 Ne6 13. Ng5 Nhf4 14. Bxf4 Nxf4 15. Bf1 c6 16. Ne3 Qe7 17. Nf3 Qf6 18. Nd2 Qg5 19. Kh2 Ne6 20. c5 Nd4 21. Qc3 h5 22. Nec4 Be6 23. Nd6 b5 24. Qg3 Qf6 25. Nb3 h4 26. Qe3 Bxb3 27. axb3 Nc2 28. Qe2 Nxa1 29. Rxa1 a5 30. Kg1 Rfb8 31. Qe1 Bf8 32. Rxa5 Bxd6 33. cxd6 Qxd6 34. Qa1 Rxa5 35. Qxa5 Rd8 36. Qc3 Ra8 37. Be2 Ra1+ 38. Kh2 Qf6 39. Qe3 Qf4+ 40. Qxf4 exf4 41. Bg4 b4 42. Bd7 c5 43. g3 hxg3+ 44. fxg3 f3 0-1

[Event "Madrid-chT 1415"]
[Site "Madrid"]
[Date "2015.03.15"]
[Round "14.3"]
[White "De la Puerta Cresis, Javier"]
[Black "Pablos Tenrero, Raquel"]
[Result "0-1"]
[WhiteElo "2097"]
[BlackElo "1977"]
[PlyCount "114"]
[EventDate "2014.11.23"]
[EventType "team-tourn"]
[EventRounds "14"]
[EventCountry "ESP"]
[SourceTitle "EXT 2016"]
[Source "ChessBase"]
[SourceDate "2015.10.08"]
[SourceVersion "1"]
[SourceVersionDate "2015.10.08"]
[SourceQuality "1"]
[WhiteTeam "Pueblo Nuevo"]
[BlackTeam "Liberty Chess"]
[WhiteTeamCountry "ESP"]
[BlackTeamCountry "ESP"]

1. e4 c6 2. d4 d5 3. e5 Bf5 4. Nf3 e6 5. Be2 Nd7 6. 0-0 Qc7 7. c4 Ne7 8. Nc3 dxc4 9. Bxc4 Nb6 10. Be2 Ned5 11. Ne1 Bg6 12. g4 0-0-0 13. a4 a5 14. f4 f5 15. Nc2 fxg4 16. Bxg4 Qf7 17. Ne3 Nxe3 18. Bxe3 h5 19. Bf3 Bf5 20. Rc1 Kb8 21. Qb3 Bb4 22. Kh1 Bd3 23. Rg1 Bc4 24. Qc2 Nd5 25. Nxd5 Bxd5 26. Bxd5 Rxd5 27. Qg6 Rd7 28. Qxf7 Rxf7 29. Rg6 Re8 30. Rcg1 Ree7 31. R6g5 b6 32. Rxh5 Kb7 33. Kg2 c5 34. dxc5 Bxc5 35. Bxc5 bxc5 36. Kf3 Kc6 37. Rhg5 Rb7 38. Rg6 Rb3+ 39. Kg4 Kd5 40. Rd1+ Ke4 41. Re1+ Kd5 42. Re2 Rb4 43. Rd2+ Rd4 44. Rxd4+ cxd4 45. Kf3 Rb7 46. Rg2 Rb3+ 47. Kg4 Ke4 48. Re2+ Re3 49. Rd2 d3 50. b4 axb4 51. Rb2 Re2 52. Rxb4+ Ke3 53. Rb3 Rg2+ 54. Kh3 Ra2 55. f5 exf5 56. e6 Rxa4 57. e7 Re4 0-1

[Event "Madrid-chT 1415"]
[Site "Madrid"]
[Date "2014.11.30"]
[Round "2.2"]
[White "Alba Linero, Emilio"]
[Black "De la Puerta Cresis, Javier"]
[Result "1-0"]
[WhiteElo "2137"]
[BlackElo "2097"]
[PlyCount "67"]
[EventDate "2014.11.23"]
[EventType "team-tourn"]
[EventRounds "14"]
[EventCountry "ESP"]
[SourceTitle "EXT 2016"]
[Source "ChessBase"]
[SourceDate "2015.10.08"]
[SourceVersion "1"]
[SourceVersionDate "2015.10.08"]
[SourceQuality "1"]
[WhiteTeam "Blanco y Negro"]
[BlackTeam "Pueblo Nuevo"]
[WhiteTeamCountry "ESP"]
[BlackTeamCountry "ESP"]

1. e4 c5 2. Nf3 d6 3. d4 cxd4 4. Qxd4 a6 5. c4 Nf6 6. Nc3 Nc6 7. Qd3 g6 8. h3 Bg7 9. Be2 Bd7 10. Be3 0-0 11. Rc1 b5 12. 0-0 bxc4 13. Qxc4 Qa5 14. Nd4 Rfc8 15. Nb3 Qd8 16. f3 Ne5 17. Qb4 Be6 18. Na5 Qd7 19. Na4 Rab8 20. Nb6 Rxc1 21. Rxc1 Qe8 22. Bxa6 Nfd7 23. Nc6 Nxc6 24. Rxc6 Ne5 25. Rc1 Nd7 26. a4 Nc5 27. Be2 Nb3 28. Rc2 Na1 29. Rc7 Qd8 30. Rc6 Nb3 31. Rc2 Na1 32. Rc1 Nb3 33. Rd1 Nc5 34. Bxc5 1-0

[Event "Madrid-chT 1415"]
[Site "Madrid"]
[Date "2014.11.23"]
[Round "1.1"]
[White "Blasco de la Cruz, Luis"]
[Black "De la Puerta Cresis, Javier"]
[Result "0-1"]
[WhiteElo "1991"]
[BlackElo "2097"]
[PlyCount "156"]
[EventDate "2014.11.23"]
[EventType "team-tourn"]
[EventRounds "14"]
[EventCountry "ESP"]
[SourceTitle "EXT 2016"]
[Source "ChessBase"]
[SourceDate "2015.10.08"]
[SourceVersion "1"]
[SourceVersionDate "2015.10.08"]
[SourceQuality "1"]
[WhiteTeam "Villalba 64"]
[BlackTeam "Pueblo Nuevo"]
[WhiteTeamCountry "ESP"]
[BlackTeamCountry "ESP"]

1. d4 Nf6 2. Bf4 g6 3. Nf3 Bg7 4. h3 c5 5. e3 Qb6 6. Nc3 0-0 7. Rb1 d5 8. Be2 Nc6 9. 0-0 cxd4 10. exd4 Be6 11. Na4 Qa5 12. Nc5 Bf5 13. Nd3 Ne4 14. c3 Qd8 15. Nh4 Bd7 16. Nf3 Re8 17. Nfe5 f6 18. Nxd7 Qxd7 19. Bg4 Qd8 20. Be6+ Kh8 21. Qb3 Nd6 22. Qxd5 Qb6 23. Qb3 Qxb3 24. Bxb3 e5 25. dxe5 fxe5 26. Bh2 Na5 27. Bc2 Nac4 28. Rfe1 e4 29. Nc5 e3 30. Bxd6 exf2+ 31. Kxf2 Nxd6 32. Rxe8+ Rxe8 33. Re1 Rf8+ 34. Kg1 Nc4 35. Nxb7 Nxb2 36. Nd6 Bxc3 37. Re8 Rxe8 38. Nxe8 Be5 39. Be4 Kg8 40. Bc6 Kf8 41. Kf2 Nd3+ 42. Ke3 Nb4 43. Ba4 Nxa2 44. Ke4 Nc3+ 45. Kxe5 Nxa4 46. Nc7 Kf7 47. Nb5 a6 48. Nc7 a5 49. g4 Nb2 50. Nb5 a4 51. Na3 g5 52. Kf5 h6 53. Ke5 Kg6 54. Kd4 Kf6 55. Ke4 Nd1 56. Nc4 Nf2+ 57. Kf3 Nxh3 58. Ke4 Nf2+ 59. Kf3 Nd3 60. Ke4 Ne5 61. Nxe5 a3 62. Nd7+ Kg6 63. Nc5 h5 64. gxh5+ Kxh5 65. Kf3 Kh4 66. Nb3 Kh3 67. Kf2 Kh2 68. Kf3 Kh3 69. Kf2 a2 70. Na1 g4 71. Kg1 Kg3 72. Nb3 Kf3 73. Kf1 Kg3 74. Kg1 Kf3 75. Kf1 Ke4 76. Kf2 Kd5 77. Ke3 Kc4 78. Nd2+ Kb4 0-1

[Event "Madrid-ch sf-A"]
[Site "Madrid"]
[Date "2013.04.02"]
[Round "8"]
[White "De la Puerta Cresis, Javier"]
[Black "Garcia Galeote, Lorenzo"]
[Result "1/2-1/2"]
[WhiteElo "2019"]
[BlackElo "1997"]
[PlyCount "86"]
[EventDate "2013.03.11"]
[EventType "swiss"]
[EventRounds "9"]
[EventCountry "ESP"]
[SourceTitle "CBM 153 Extra"]
[Source "ChessBase"]
[SourceDate "2013.04.22"]
[SourceVersion "1"]
[SourceVersionDate "2013.04.22"]
[SourceQuality "1"]

1. d4 d5 2. Nf3 Bf5 3. c4 e6 4. g3 c6 5. Bg2 h6 6. 0-0 Nf6 7. Nc3 Bd6 8. b3 0-0 9. Bb2 Nbd7 10. Nd2 Rc8 11. e4 dxe4 12. Ndxe4 Be7 13. Re1 Nxe4 14. Nxe4 Nf6 15. Nc5 Nd7 16. Nxd7 Qxd7 17. Qe2 Rfd8 18. Red1 Qe8 19. Rac1 Bf6 20. Rd2 Qe7 21. Rcd1 Rd7 22. a3 Rcd8 23. b4 e5 24. d5 Bg5 25. f4 exf4 26. Qxe7 Bxe7 27. gxf4 cxd5 28. Rxd5 b6 29. Rxd7 Rxd7 30. Rxd7 Bxd7 31. Be5 a5 32. Bc7 axb4 33. axb4 Bxb4 34. Bxb6 Bd6 35. Be3 Kf8 36. Bb7 Ke7 37. Kf2 Kd8 38. c5 Kc7 39. Bd5 Bf8 40. Kg3 f6 41. Kh4 g5+ 42. Kh5 Be8+ 43. Kg4 Bd7+ 1/2-1/2